[Event "Wellington Mazur Memorial"]
[Site "Wellington"]
[Date "2011.10.25"]
[Round "2"]
[White "Brockway, Andrew"]
[Black "Salem, Edmund"]
[Result "1-0"]
[WhiteElo "1811"]
[BlackElo "1528"]
[PlyCount "97"]
[EventDate "2011.10.18"]
[EventType "swiss"]
[EventRounds "7"]
[EventCountry "NZL"]
[SourceTitle "EXT 2018"]
[Source "ChessBase"]
[SourceDate "2017.10.13"]
[SourceVersion "1"]
[SourceVersionDate "2017.10.13"]
[SourceQuality "1"]

1. e4 c5 2. Nc3 Nc6 3. Bb5 a6 4. Bxc6 bxc6 5. f4 d5 6. e5 e6 7. Nf3 Ne7 8. 0-0 Ng6 9. d3 Be7 10. Qe1 0-0 11. Ne2 f6 12. Ng3 fxe5 13. Nxe5 Nxe5 14. fxe5 d4 15. Bd2 a5 16. Ne4 Ba6 17. Bxa5 Qd5 18. Bc7 c4 19. Rxf8+ Rxf8 20. Qd2 cxd3 21. cxd3 Qb5 22. Nf2 Rc8 23. Bd6 Bxd6 24. exd6 Rd8 25. Ne4 Qxd3 26. Qxd3 Bxd3 27. Nc5 Bf5 28. d7 e5 29. Re1 Bxd7 30. Nxd7 Rxd7 31. Rxe5 d3 32. Re1 Kf7 33. Kf2 c5 34. b3 Re7 35. Rxe7+ Kxe7 36. Ke3 Kd6 37. Kxd3 Kc6 38. Kc4 Kb6 39. g4 g5 40. a4 Kc6 41. a5 Kd6 42. a6 Kc7 43. Kxc5 Kb8 44. b4 Ka7 45. b5 Kb8 46. b6 Ka8 47. Kc6 Kb8 48. b7 Ka7 49. Kc7 1-0

[Event "Wellington Mazur Memorial"]
[Site "Wellington"]
[Date "2011.10.18"]
[Round "1"]
[White "Salem, Edmund"]
[Black "Sellen, Ian"]
[Result "0-1"]
[WhiteElo "1528"]
[BlackElo "2054"]
[PlyCount "64"]
[EventDate "2011.10.18"]
[EventType "swiss"]
[EventRounds "7"]
[EventCountry "NZL"]
[SourceTitle "EXT 2018"]
[Source "ChessBase"]
[SourceDate "2017.10.13"]
[SourceVersion "1"]
[SourceVersionDate "2017.10.13"]
[SourceQuality "1"]

1. d4 d5 2. c4 e6 3. Nf3 Nf6 4. Nc3 Be7 5. e3 0-0 6. Bd3 b6 7. a3 Bb7 8. Ne5 Nbd7 9. 0-0 c5 10. b3 Bd6 11. f4 Ne4 12. Qc2 Ndf6 13. Nb5 a6 14. Nxd6 Qxd6 15. Rb1 cxd4 16. exd4 dxc4 17. Qxc4 Rac8 18. Qb4 Qxb4 19. axb4 Nc3 20. Rb2 Rfd8 21. Be3 Nfd5 22. Bd2 Nxb4 23. Bxc3 Rxc3 24. Be2 Rxd4 25. Bh5 g6 26. Bd1 Nd5 27. g3 Ne3 28. Be2 Nxf1 29. Bxf1 Rd1 30. Nc4 Rcc1 31. Ne3 Re1 32. Kf2 Rxe3 0-1